000
00297nam a2200109Ia 4500
008
220204s9999 xx 000 0 und d
082
_a
332.021.8:63(548.3)
245
0
_a
Kerala agrarian relations bill 1957
260
_a
Trivandrum
_b
Secreatariat
_c
1957
650
_a
Agrarian structure
942
_c
BK
999
_c
20148
_d
20148